Lịch sử triết học Phương Đông; T1 Trung Hoa thời kì khởi điểm của triết học( thời đại Tây Chu và Đông Chu )

Guardat en:
Dades bibliogràfiques
Autor principal: Nguyễn Đăng Thục
Format: Llibre
Idioma:Undetermined
Publicat: Tp. HCM Nxb. Tp. HCM 1997
Matèries:
Etiquetes: Afegir etiqueta
Sense etiquetes, Sigues el primer a etiquetar aquest registre!
Thư viện lưu trữ: Trung tâm Học liệu Trường Đại học Cần Thơ
LEADER 00774nam a2200229Ia 4500
001 CTU_22512
008 210402s9999 xx 000 0 und d
020 |b 38.800đ 
082 |a 181.1 
082 |b Th506/T1 
100 |a Nguyễn Đăng Thục 
245 0 |a Lịch sử triết học Phương Đông; T1 
245 0 |b Trung Hoa thời kì khởi điểm của triết học( thời đại Tây Chu và Đông Chu ) 
245 0 |c Nguyễn Đăng Thục 
260 |a Tp. HCM 
260 |b Nxb. Tp. HCM 
260 |c 1997 
526 |a Triết học,Triết học 
526 |b ML606,ML605 
650 |a philosophy, oriental 
904 |i Nguyễn Quang Điền, 980511 
980 |a Trung tâm Học liệu Trường Đại học Cần Thơ